000 00272nam a2200121 a 4500
008 100921s1956|||| d
245 1 0 _aObrázky z Haliče
100 1 _aFranko, Ivan
260 _bSVKL
_aBratislava
_c1956
020 _c8
044 _axo
_cSK
041 _aslo
999 _c10580
_d10580